000 00550nam a22001817a 4500
003 Ost
005 20250403090649.0
008 250403b |||||||| |||| 00| 0 eng d
020 _a9781473672871
040 _cBT-PhCST
050 _aD4642
082 _222
_a158.1
_bCAR
100 _aCarlson, Richard.
245 _aDon't sweat the small stuff and its all small stuff :
_bsimple ways to keep the little things from taking over your life /
260 _aLondon :
_bHachette Book Group,
_cc2017.
300 _a207 p. :
_bill. ;
_c18 cm.
942 _2ddc
_cF
999 _c9979
_d9979